The meaning of the Holy Qurā̉n / (Record no. 126673)
[ view plain ]
| 000 -LEADER | |
|---|---|
| fixed length control field | 01344cam a2200325 a 4500 |
| 001 - CONTROL NUMBER | |
| control field | 13367372 |
| 003 - CONTROL NUMBER IDENTIFIER | |
| control field | ARRUPE |
| 005 - DATE AND TIME OF LATEST TRANSACTION | |
| control field | 20170904113317.0 |
| 008 - FIXED-LENGTH DATA ELEMENTS--GENERAL INFORMATION | |
| fixed length control field | 031008s2001 mdu b 001 0 eng |
| 010 ## - LIBRARY OF CONGRESS CONTROL NUMBER | |
| LC control number | 2003279064 |
| 020 ## - INTERNATIONAL STANDARD BOOK NUMBER | |
| International Standard Book Number | 0915957779 (pocket size) |
| 040 ## - CATALOGING SOURCE | |
| Original cataloging agency | DLC |
| Transcribing agency | DLC |
| 041 1# - LANGUAGE CODE | |
| Language code of text/sound track or separate title | eng |
| -- | ara |
| Language code of original and/or intermediate translations of text | ara |
| 050 00 - LIBRARY OF CONGRESS CALL NUMBER | |
| Classification number | BP109.A398 2010 |
| 082 00 - DEWEY DECIMAL CLASSIFICATION NUMBER | |
| Classification number | 297.1/227 |
| Edition number | 22 |
| 300 ## - PHYSICAL DESCRIPTION | |
| Dimensions | 26 cm. |
| 100 1# - MAIN ENTRY--PERSONAL NAME | |
| Personal name | Ali, Abdullah Yusuf, |
| Dates associated with a name | 1872-1952. |
| 9 (RLIN) | 34819 |
| 245 14 - TITLE STATEMENT | |
| Title | The meaning of the Holy Qurā̉n / |
| Statement of responsibility, etc | ʻAbdullah Yūsuf ʻAlī. |
| 260 ## - PUBLICATION, DISTRIBUTION, ETC. (IMPRINT) | |
| Place of publication, distribution, etc | United States. : |
| Name of publisher, distributor, etc | PacificPublishibng Studio, |
| Date of publication, distribution, etc | c2010. |
| 300 ## - PHYSICAL DESCRIPTION | |
| Extent | 319 p. ; |
| 500 ## - GENERAL NOTE | |
| General note | "New ed. with Qurā̉nic text (Arabic), rev. translation, commentary, and newly compiled comprehensive index." |
| 500 ## - GENERAL NOTE | |
| General note | Previously published as: The Holy Qurā̉n. 1989. |
| 504 ## - BIBLIOGRAPHY, ETC. NOTE | |
| Bibliography, etc | Includes bibliographical references and index. |
| 546 ## - LANGUAGE NOTE | |
| Language note | English and Arabic. |
| 630 00 - SUBJECT ADDED ENTRY--UNIFORM TITLE | |
| Uniform title | Qurʼan |
| General subdivision | Criticism, interpretation, etc. |
| 9 (RLIN) | 9964 |
| 650 ## - SUBJECT ADDED ENTRY--TOPICAL TERM | |
| Topical term or geographic name as entry element | Koran |
| General subdivision | Commentary |
| 9 (RLIN) | 34820 |
| 700 12 - ADDED ENTRY--PERSONAL NAME | |
| Personal name | Ali, Abdullah Yusuf, |
| Dates associated with a name | 1872-1952. |
| Title of a work | Holy Qurā̉n. |
| Date of a work | 1989. |
| 9 (RLIN) | 34821 |
| 730 0# - ADDED ENTRY--UNIFORM TITLE | |
| Uniform title | Qurʼan. |
| Language of a work | English & Arabic. |
| Date of a work | 1997. |
| 9 (RLIN) | 34822 |
| 906 ## - LOCAL DATA ELEMENT F, LDF (RLIN) | |
| a | 7 |
| b | cbc |
| c | origcop |
| d | 2 |
| e | ncip |
| f | 20 |
| g | y-gencatlg |
| 942 ## - ADDED ENTRY ELEMENTS (KOHA) | |
| Source of classification or shelving scheme | Library of Congress Classification |
| Koha item type | Monograph ( Printed materials) |
| Withdrawn status | Lost status | Source of classification or shelving scheme | Damaged status | Not for loan | Collection code | Home library | Current library | Shelving location | Date acquired | Total Checkouts | Full call number | Barcode | Date last seen | Price effective from | Koha item type |
|---|---|---|---|---|---|---|---|---|---|---|---|---|---|---|---|
| Library of Congress Classification | Main Collection | ARRUPE LIBRARY | ARRUPE LIBRARY | Main Collection | 16/08/2017 | BP109.A398 2010 | 46500024776 | 16/08/2017 | 16/08/2017 | Monograph ( Printed materials) |